[Event "BRA-ch U26"]
[Site "Goiania"]
[Date "2017.10.21"]
[Round "4"]
[White "Lima, Igor Cirineu De Bar"]
[Black "Cardoso Sampaio, Thyerre Augusto"]
[Result "1-0"]
[WhiteElo "1735"]
[BlackElo "2018"]
[PlyCount "89"]
[EventDate "2017.10.19"]
[EventType "swiss"]
[EventRounds "7"]
[EventCountry "BRA"]
[SourceTitle "CBM 181 Extra"]
[Source "ChessBase"]
[SourceDate "2017.12.12"]
[SourceVersion "1"]
[SourceVersionDate "2017.12.12"]
[SourceQuality "1"]

1. e4 e6 2. d4 d5 3. Nc3 Bb4 4. e5 c5 5. a3 Bxc3+ 6. bxc3 Qa5 7. Qd2 Nc6 8. Nf3 Nge7 9. a4 Bd7 10. Bd3 h6 11. dxc5 Qc7 12. Qe2 0-0 13. 0-0 Ng6 14. Re1 Be8 15. c4 Rd8 16. cxd5 Rxd5 17. Be4 Nd4 18. Nxd4 Rxd4 19. g3 Bc6 20. Bd3 Qd8 21. Kf1 Qd5 22. f3 f5 23. Bb2 Rb4 24. Bc3 Rxa4 25. Rxa4 Bxa4 26. Bc4 Qxc5 27. Bxe6+ Kh8 28. Qc4 Qxc4+ 29. Bxc4 Rc8 30. Bf7 Rxc3 31. Bxg6 Rxc2 32. Bxf5 Rc5 33. f4 Kg8 34. Ra1 b5 35. Kf2 Kf7 36. Ke3 Rc4 37. Ra2 a5 38. Rd2 b4 39. Rd5 b3 40. Rxa5 b2 41. Ra7+ Ke8 42. Rb7 Rc3+ 43. Kd2 Rb3 44. Rxb3 Bxb3 45. Kc3 1-0

[Event "BRA-ch U26"]
[Site "Uberlandia"]
[Date "2015.10.17"]
[Round "5"]
[White "Paz, Rick Astley Santos"]
[Black "Cardoso Sampaio, Thyerre Augusto"]
[Result "1/2-1/2"]
[WhiteElo "1800"]
[BlackElo "2018"]
[PlyCount "125"]
[EventDate "2015.10.15"]
[EventType "swiss"]
[EventRounds "7"]
[EventCountry "BRA"]
[SourceTitle "CBM 168 Extra"]
[Source "ChessBase"]
[SourceDate "2015.10.29"]
[SourceVersion "1"]
[SourceVersionDate "2015.10.29"]
[SourceQuality "1"]

1. e4 e6 2. d4 d5 3. Nc3 Bb4 4. e5 Ne7 5. a3 Bxc3+ 6. bxc3 c5 7. Bb5+ Bd7 8. Bxd7+ Nxd7 9. Qg4 Nf5 10. Ne2 Qc7 11. Ra2 cxd4 12. cxd4 Qc4 13. Rb2 Nxe5 14. Qg5 h6 15. Qf4 Ng6 16. Qd2 b6 17. Rb3 0-0 18. Rc3 Qa6 19. 0-0 Qa5 20. Qd3 Rac8 21. Bd2 Rxc3 22. Qxc3 Qxc3 23. Bxc3 Rc8 24. Rc1 Nd6 25. Rb1 Ne4 26. Rb3 a5 27. a4 Rc4 28. f3 Nxc3 29. Rxc3 Rxa4 30. Rb3 Rb4 31. Rxb4 axb4 32. Nc1 Ne7 33. Kf2 f6 34. Nd3 Nc6 35. Ke3 e5 36. dxe5 fxe5 37. Nb2 Kf7 38. Na4 b5 39. Nc5 Ke7 40. h4 Na5 41. Nd3 Nc6 42. Nc5 Nd4 43. Kd3 g5 44. h5 Kf6 45. Na6 b3 46. cxb3 Nxb3 47. Nc7 Nc5+ 48. Kc2 d4 49. Nxb5 Ne6 50. g3 g4 51. fxg4 Kg5 52. Nd6 Kxg4 53. Nf7 e4 54. Nxh6+ Kxh5 55. Ng8 e3 56. Nf6+ Kg5 57. Nd5 Kg4 58. Kd3 Kf3 59. Nb4 e2 60. Kd2 Kf2 61. Nc2 Kf1 62. Kd3 Kf2 63. g4 1/2-1/2

[Event "Belem Velha op 3rd"]
[Site "Belem"]
[Date "2015.05.02"]
[Round "5"]
[White "Cardoso Sampaio, Thyerre Augusto"]
[Black "Leao, Flavio Sanchez"]
[Result "1-0"]
[WhiteElo "2065"]
[BlackElo "1817"]
[PlyCount "51"]
[EventDate "2015.04.30"]
[EventType "swiss"]
[EventRounds "7"]
[EventCountry "BRA"]
[SourceTitle "CBM 166 Extra"]
[Source "ChessBase"]
[SourceDate "2015.06.18"]
[SourceVersion "1"]
[SourceVersionDate "2015.06.18"]
[SourceQuality "1"]

1. d4 Nf6 2. Nf3 g6 3. c4 Bg7 4. Nc3 0-0 5. Bg5 d6 6. e3 h6 7. Bh4 g5 8. Bg3 Nh5 9. Qc2 Nxg3 10. hxg3 c5 11. Nxg5 f5 12. Nf3 Nc6 13. d5 Nb4 14. Qd2 e5 15. dxe6 Bxe6 16. a3 Nc6 17. Nd5 Na5 18. Qc2 Bxd5 19. cxd5 Qf6 20. Rb1 c4 21. Be2 Rac8 22. Nd4 Rfd8 23. Qxf5 Nb3 24. Qxf6 Bxf6 25. Nxb3 cxb3 26. Bd1 1-0